Využívanie štrukturálnych fondov EÚ pre podporu regionálneho rozvoja diplomová práca

Guardado en:
Detalles Bibliográficos
Autor principal: Reis, Martin
Autor Corporativo: Národohospodárska fakulta EU. Katedra verejnej správy a regionálneho rozvoja
Otros Autores: Ivaničková, Alžbeta
Formato: Libro
Lenguaje:eslovaco
Publicado: Bratislava 2011
Etiquetas: Agregar Etiqueta
Sin Etiquetas, Sea el primero en etiquetar este registro!

MARC

LEADER 00000nam a2200000 4500
001 0148383
005 20240318124850.9
041 0 |a slo 
044 |a SK 
245 1 0 |a Využívanie štrukturálnych fondov EÚ pre podporu regionálneho rozvoja  |b diplomová práca  |c Martin Reis ; školiteľ: Alžbeta Ivaničková 
264 1 |a Bratislava  |c 2011 
300 |a 72 s. 
100 1 |a Reis, Martin 
700 1 |a Ivaničková, Alžbeta 
710 2 |a Národohospodárska fakulta EU. Katedra verejnej správy a regionálneho rozvoja